000 00419nam a2200145Ia 4500
008 220214s9999 xx 000 0 und d
022 _a0167-6903
245 0 _aPLANT GROWTH REGULATION
260 _bKluwer Academic Publishers, Amsterdam, The Netherlands
310 _aQ
500 _aEnding Volume & Year: 26, 1998
500 _aMissing Volume: 2(3);7(3)
500 _aStarting Volume & Year: 1, 1982
942 _cBJ
999 _c19084
_d19084